| 000 | 01199nam a22003257a 4500 | ||
|---|---|---|---|
| 003 | CHAP | ||
| 005 | 20220329143850.0 | ||
| 008 | 120329s2011 mx r 00010 spa d | ||
| 010 | _a102964 | ||
| 011 | _a103936 | ||
| 020 | _a9786077852162 | ||
| 035 | _a114625 | ||
| 040 | _cCHAP | ||
| 082 | 0 | 4 |
_a863 _bSa33 |
| 100 | 0 | 0 |
_aSalinas Bernal, Fernando. _9101637 |
| 245 | 1 |
_aUn chapinguero más : _bvivencias y remembranzas en Chapingo _c/ compilado por Fernando Salinas Bernal |
|
| 260 |
_aMorelia, Mich. : _bPapiro omega, _c2011 |
||
| 300 |
_a138 p. : _bfot. |
||
| 590 |
_aBATCH-UPD _b10 _c20130110 _lUCH01 _h1614 |
||
| 590 |
_aCONVERSION _b10 _c20130109 _lUCH01 _h1357 |
||
| 650 | 0 | 4 |
_aLiteratura mexicana. _967138 |
| 650 | 0 | 4 |
_aUACH _xEstudiantes. _9115802 |
| 901 | _aBK | ||
| 942 | _cLIBRO | ||
| 949 |
_a863 Sa33 _bBC _cLIBRO _d33724002326231 _eLIBRO _h116561 _i114625 _sb |
||
| 949 |
_a863 Sa33 _bBC _cLIBRO _d33724002326272 _eLIBRO _fc.2 _h116562 _i114625 _sb |
||
| 949 |
_a863 Sa33 _bBC _cLIBRO _d33724002326314 _eLIBRO _fc.3 _h116563 _i114625 _sb |
||
| 949 |
_a863 Sa33 _bBC _cLIBRO _d33724002326355 _eLIBRO _fc.4 _h116564 _i114625 _sb |
||
| 949 |
_a863 Sa33 _bBC _cLIBRO _d33724002326397 _eLIBRO _fc.5 _h116565 _i114625 _sb |
||
| 999 |
_c102964 _d102964 |
||